[Event "HUN-chT2 Asztalos 1819"]
[Site "Hungary"]
[Date "2019.02.24"]
[Round "6.7"]
[White "Szakal, Bela"]
[Black "Kosa, Jeno"]
[Result "0-1"]
[WhiteElo "1748"]
[BlackElo "2049"]
[PlyCount "72"]
[EventDate "2018.10.28"]
[EventType "team-tourn"]
[EventRounds "9"]
[EventCountry "HUN"]
[SourceTitle "CBM 189 Extra"]
[Source "ChessBase"]
[SourceDate "2019.06.03"]
[SourceVersion "1"]
[SourceVersionDate "2019.06.03"]
[SourceQuality "1"]
[WhiteTeam "Szentlorinc"]
[BlackTeam "Baja Spartacus"]
[WhiteTeamCountry "HUN"]
[BlackTeamCountry "HUN"]

1. d4 Nf6 2. f4 d5 3. Nf3 g6 4. e3 Bg4 5. Bd3 Bg7 6. Nbd2 0-0 7. 0-0 Nbd7 8. c3 c6 9. Qe1 Bxf3 10. Rxf3 e6 11. Rh3 Ng4 12. e4 c5 13. Nf3 cxd4 14. Nxd4 dxe4 15. Bxe4 Nc5 16. Nf3 Qb6 17. Nd4 Nxe4 18. Qxe4 Rad8 19. Rd3 e5 20. fxe5 Nxe5 21. Rd1 Nc6 22. Kh1 Rfe8 23. Qf3 Nxd4 24. cxd4 Rxd4 25. Rf1 Rd7 26. Bg5 Qe6 27. Bh4 Qd5 28. Qf2 Qd4 29. Rfe1 Rxe1+ 30. Qxe1 Qe5 31. Qf1 h5 32. Re1 Qxb2 33. Re2 Qd4 34. Bf2 Qg4 35. Be1 Rd5 36. Qf3 Rf5 0-1

[Event "HUN-chT2 Asztalos 1617"]
[Site "Hungary"]
[Date "2017.03.12"]
[Round "10.8"]
[White "Palfi, Peter"]
[Black "Szakal, Bela"]
[Result "1/2-1/2"]
[WhiteElo "1763"]
[BlackElo "1834"]
[PlyCount "130"]
[EventDate "2016.09.25"]
[EventType "team-tourn"]
[EventRounds "11"]
[EventCountry "HUN"]
[SourceTitle "EXT 2021"]
[Source "ChessBase"]
[SourceDate "2020.10.23"]
[SourceVersion "1"]
[SourceVersionDate "2020.10.23"]
[SourceQuality "1"]
[WhiteTeam "Marcali"]
[BlackTeam "Szentlorinc"]
[WhiteTeamCountry "HUN"]
[BlackTeamCountry "HUN"]

1. e4 e6 2. d4 d5 3. Nc3 Bb4 4. Nge2 Ne7 5. a3 Ba5 6. b4 Bb6 7. e5 a5 8. Be3 0-0 9. Ng3 Ng6 10. Bd3 Qe7 11. b5 c6 12. 0-0 a4 13. bxc6 Nxc6 14. Nb5 Na7 15. Nd6 Bc7 16. Bd2 Nc6 17. Nxc8 Rfxc8 18. Bb5 Nxd4 19. Bb4 Qh4 20. Bxa4 Bxe5 21. c3 Nc6 22. Rc1 Na5 23. Bb5 Nc4 24. a4 Qf6 25. Re1 Qd8 26. Qf3 Bd6 27. Qd3 Bxb4 28. cxb4 Nge5 29. Qd4 Nc6 30. Qc3 Na7 31. Ra1 Nxb5 32. axb5 g6 33. h3 Qb6 34. Ne2 Qxb5 35. Nd4 Qd7 36. Nf3 Qd8 37. Red1 h6 38. Qd4 Qe7 39. Qf4 Kh7 40. Rac1 g5 41. Qd4 Nd6 42. Ne5 Rxc1 43. Rxc1 Rc8 44. Re1 Kg8 45. Ng4 Nf5 46. Qe5 h5 47. Nf6+ Kf8 48. Nh7+ Ke8 49. Qh8+ Kd7 50. Nf6+ Kd6 51. Qxc8 Qxf6 52. Qxb7 g4 53. Rc1 Ke5 54. Qc7+ Ke4 55. Qc2+ Ke5 56. hxg4 hxg4 57. Qc5 Kf4 58. b5 Kg5 59. b6 g3 60. b7 Qb2 61. f4+ Kxf4 62. Qc7+ Kg5 63. b8Q Qd4+ 64. Kh1 Qh4+ 65. Kg1 Qd4+ 1/2-1/2

[Event "HUN-chT2 Asztalos 1516"]
[Site "Hungary"]
[Date "2016.03.20"]
[Round "9.10"]
[White "Hrubos, Viktor"]
[Black "Szakal, Bela"]
[Result "0-1"]
[WhiteElo "1883"]
[BlackElo "1774"]
[PlyCount "82"]
[EventDate "2015.09.13"]
[EventType "team-tourn"]
[EventRounds "11"]
[EventCountry "HUN"]
[SourceTitle "EXT 2017"]
[Source "ChessBase"]
[SourceDate "2016.10.25"]
[SourceVersion "1"]
[SourceVersionDate "2016.10.25"]
[SourceQuality "1"]
[WhiteTeam "Pecs Karmin"]
[BlackTeam "Szentlorinc"]
[WhiteTeamCountry "HUN"]
[BlackTeamCountry "HUN"]

1. d4 f5 2. e4 fxe4 3. Nc3 Nf6 4. Bg5 e6 5. Bxf6 Qxf6 6. Nxe4 Qg6 7. Qf3 Be7 8. Bd3 Qh6 9. Ne2 Nc6 10. c3 d5 11. N4g3 Bd7 12. Qh5+ Qxh5 13. Nxh5 0-0-0 14. 0-0-0 g6 15. Nhg3 e5 16. dxe5 Nxe5 17. Bc2 c6 18. h3 Rhf8 19. Rhf1 Bc5 20. Nd4 Rde8 21. Nh1 Nc4 22. b4 Bxd4 23. cxd4 Nd6 24. Rfe1 Nb5 25. Re3 Rxe3 26. fxe3 Nc3 27. Re1 Nxa2+ 28. Kd2 Nxb4 29. Bb3 Na6 30. e4 dxe4 31. Rxe4 Kd8 32. Ke3 Re8 33. Nf2 Bf5 34. Rxe8+ Kxe8 35. g4 Bb1 36. g5 Bf5 37. Bg8 Nb4 38. Kf4 Nd3+ 39. Nxd3 Bxd3 40. Bxh7 Kf7 41. h4 Kg7 0-1

[Event "HUN-chT2 Asztalos 1516"]
[Site "Hungary"]
[Date "2016.02.28"]
[Round "8.10"]
[White "Szakal, Bela"]
[Black "Jaeger, Laszlo"]
[Result "1/2-1/2"]
[WhiteElo "1774"]
[BlackElo "1854"]
[PlyCount "37"]
[EventDate "2015.09.13"]
[EventType "team-tourn"]
[EventRounds "11"]
[EventCountry "HUN"]
[SourceTitle "EXT 2017"]
[Source "ChessBase"]
[SourceDate "2016.10.25"]
[SourceVersion "1"]
[SourceVersionDate "2016.10.25"]
[SourceQuality "1"]
[WhiteTeam "Szentlorinc"]
[BlackTeam "Baja Spartacus"]
[WhiteTeamCountry "HUN"]
[BlackTeamCountry "HUN"]

1. d4 d5 2. e3 Bf5 3. Bd3 Qd7 4. f4 Nf6 5. Nf3 Bxd3 6. Qxd3 Nc6 7. c3 Ne4 8. 0-0 f5 9. Nbd2 e6 10. a3 Be7 11. c4 a5 12. cxd5 exd5 13. Ne5 Nxe5 14. fxe5 0-0 15. Nf3 g5 16. Qe2 Qe8 17. Nd2 h5 18. Nxe4 fxe4 19. Bd2 1/2-1/2

[Event "HUN-chT2 Asztalos 1516"]
[Site "Hungary"]
[Date "2015.11.08"]
[Round "4.10"]
[White "Szakal, Bela"]
[Black "Ragyelik, Andras"]
[Result "1/2-1/2"]
[WhiteElo "1774"]
[BlackElo "1810"]
[PlyCount "20"]
[EventDate "2015.09.13"]
[EventType "team-tourn"]
[EventRounds "11"]
[EventCountry "HUN"]
[SourceTitle "CBM 170 Extra"]
[Source "ChessBase"]
[SourceDate "2016.02.25"]
[SourceVersion "1"]
[SourceVersionDate "2016.02.25"]
[SourceQuality "1"]
[WhiteTeam "Szentlorinc"]
[BlackTeam "Kiraly Sakk"]
[WhiteTeamCountry "HUN"]
[BlackTeamCountry "HUN"]

1. d4 Nf6 2. e3 g6 3. Bd3 Bg7 4. f4 0-0 5. Nf3 d6 6. Nbd2 Nbd7 7. c3 e5 8. 0-0 Qe7 9. Qc2 c6 10. f5 d5 1/2-1/2

[Event "HUN-chT2 Asztalos 1415"]
[Site "Hungary"]
[Date "2015.03.01"]
[Round "7.10"]
[White "Szakal, Bela"]
[Black "Nagy, Balazs"]
[Result "1-0"]
[WhiteElo "1732"]
[BlackElo "1653"]
[PlyCount "100"]
[EventDate "2014.10.12"]
[EventType "team-tourn"]
[EventRounds "9"]
[EventCountry "HUN"]
[SourceTitle "EXT 2016"]
[Source "ChessBase"]
[SourceDate "2015.10.08"]
[SourceVersion "1"]
[SourceVersionDate "2015.10.08"]
[SourceQuality "1"]
[WhiteTeam "Szentlorinc"]
[BlackTeam "Marcali"]
[WhiteTeamCountry "HUN"]
[BlackTeamCountry "HUN"]

1. d4 d5 2. e3 Nf6 3. Bd3 Bg4 4. f3 Bh5 5. Ne2 Bg6 6. 0-0 e6 7. Ng3 c5 8. c3 Bd6 9. f4 0-0 10. Qe2 cxd4 11. exd4 Qc7 12. Bxg6 hxg6 13. Be3 Nc6 14. Nd2 Rac8 15. Rae1 Na5 16. Nf3 Bxf4 17. Bxf4 Qxf4 18. Ne5 Qg5 19. Nf3 Qg4 20. Qf2 Qf4 21. Qe2 Qd6 22. Ne5 a6 23. Nh1 Nc4 24. Nf2 Ne4 25. Nxe4 dxe4 26. Nxc4 Qc6 27. Ne5 Qd5 28. Qxe4 Qxa2 29. Rf2 Rc7 30. Ref1 f5 31. Qh4 Rf6 32. Rf3 g5 33. Qxg5 Qxb2 34. Qg3 f4 35. Qe1 g5 36. Ng4 Rg6 37. Qe4 Rcg7 38. Qe5 Qb6 39. Qb8+ Kf7 40. Ne5+ Ke7 41. Nxg6+ Rxg6 42. Qh8 Kf7 43. Qh7+ Kf6 44. Qh8+ Rg7 45. Qh6+ Kf7 46. h4 Rg6 47. Qh5 e5 48. hxg5 Kg7 49. Re1 e4 50. Rxf4 e3 1-0

[Event "HUN-chT2 Asztalos 1314"]
[Site "Hungary"]
[Date "2013.09.08"]
[Round "1"]
[White "Horvath, Balazs1111"]
[Black "Szakal, Bela"]
[Result "1-0"]
[WhiteElo "1760"]
[BlackElo "1773"]
[PlyCount "93"]
[EventDate "2013.09.08"]
[EventType "team-tourn"]
[EventRounds "9"]
[EventCountry "HUN"]
[SourceTitle "EXT 2016"]
[Source "ChessBase"]
[SourceDate "2015.10.08"]
[SourceVersion "1"]
[SourceVersionDate "2015.10.08"]
[SourceQuality "1"]
[WhiteTeam "Decs 1990 II"]
[BlackTeam "Szentlorinc"]
[WhiteTeamCountry "HUN"]
[BlackTeamCountry "HUN"]

1. e4 e5 2. Nf3 d6 3. c3 f5 4. d4 fxe4 5. Ng5 Nf6 6. dxe5 Ng4 7. e6 Ne5 8. Nf7 Nxf7 9. exf7+ Kxf7 10. Qh5+ g6 11. Qd5+ Be6 12. Qxb7 Nd7 13. Qxe4 Bg7 14. Bc4 Re8 15. Qf3+ Kg8 16. Bxe6+ Rxe6+ 17. Be3 Ne5 18. Qd5 Qe8 19. 0-0 c6 20. Qb3 d5 21. Bd4 Nc4 22. Bxg7 Kxg7 23. Qd1 Nxb2 24. Qd4+ Kg8 25. Nd2 a5 26. Rab1 Rb8 27. h3 a4 28. a3 Qe7 29. c4 Qxa3 30. cxd5 cxd5 31. Qxd5 Qd6 32. Qxd6 Rxd6 33. Nc4 Nxc4 34. Rxb8+ Kg7 35. Ra8 a3 36. Rc1 Nd2 37. Rxa3 Ne4 38. Ra4 Nf6 39. g4 g5 40. Rc7+ Kh6 41. Raa7 Kg6 42. Rg7+ Kh6 43. h4 Nxg4 44. hxg5+ Kh5 45. Rxh7+ Kxg5 46. Rag7+ Kf4 47. Rh4 1-0

[Event "HUN-chT2 Asztalos 1213"]
[Site "Hungary"]
[Date "2013.03.03"]
[Round "8.7"]
[White "Szakal, Bela"]
[Black "Gyorke, Zoltan"]
[Result "0-1"]
[WhiteElo "1792"]
[BlackElo "2049"]
[PlyCount "72"]
[EventDate "2012.09.16"]
[EventType "team-tourn"]
[EventRounds "9"]
[EventCountry "HUN"]
[SourceTitle "EXT 2014"]
[Source "ChessBase"]
[SourceDate "2013.11.20"]
[SourceVersion "1"]
[SourceVersionDate "2013.11.20"]
[SourceQuality "1"]
[WhiteTeam "Szentlorinc"]
[BlackTeam "Komlo"]
[WhiteTeamCountry "HUN"]
[BlackTeamCountry "HUN"]

1. d4 Nf6 2. e3 g6 3. Bd3 d6 4. f4 Bg7 5. Nf3 c5 6. c3 0-0 7. 0-0 Nc6 8. Nbd2 cxd4 9. exd4 e5 10. Ne4 Nxe4 11. Bxe4 d5 12. Bc2 exd4 13. Nxd4 Qb6 14. Kh1 Nxd4 15. cxd4 Qxd4 16. Qf3 Qc5 17. Bb3 Be6 18. Be3 d4 19. Rac1 Qb6 20. Bf2 Bxb3 21. axb3 Rac8 22. Qd3 Rxc1 23. Rxc1 Rd8 24. g3 a6 25. Kg2 Qd6 26. Rc2 h5 27. Kg1 h4 28. Kg2 Qd5+ 29. Kg1 h3 30. Be1 Re8 31. Bb4 Qd7 32. Rf2 Re3 33. Qd2 Qe6 34. Qc2 d3 35. Qc4 Re1+ 36. Rf1 Qe3+ 0-1